header

Foreigners, refugees or minorities? (Record no. 48840)

MARC details
000 -LEADER
fixed length control field 02000nam a2200433 a 4500
082 04 - DEWEY DECIMAL CLASSIFICATION NUMBER
Classification number 325.71
245 00 - TITLE STATEMENT
Title Foreigners, refugees or minorities?
260 ## - PUBLICATION, DISTRIBUTION, ETC. (IMPRINT)
Place of publication Burlington, Vt. :
Name of publisher Ashgate Pub. Co.,
Year of publication c2013.
300 ## - PHYSICAL DESCRIPTION
Number of Pages xiv, 258 p.
505 0# - FORMATTED CONTENTS NOTE
Formatted contents note section 1. Roma, the European Union and international relations -- section 2. The EU-Canada visa and Roma 2009 affair -- section 3. The visa and surveillance logics : policing at a distance.
650 #0 - SUBJECT ADDED ENTRY--TOPICAL TERM
Topical Term Romanies
Topical Term Romanies
Topical Term Refugees
Topical Term Border security
Topical Term Border security
Topical Term Visas
700 1# - ADDED ENTRY--PERSONAL NAME
Personal name Bigo, Didier.
Personal name Guild, Elspeth.
Personal name Carrera, Sergio.
856 40 - ELECTRONIC LOCATION AND ACCESS
Uniform Resource Identifier http://site.ebrary.com/lib/rucke/Doc?id=10640718

No items available.

© 2026 Rongo University
Contact us: librarian | system librarian | Rongo university